Govt. of
Madhya Pradesh

Mathematics Astronomy & Biology In Indian Tradition (Record no. 16196)

MARC details
000 -LEADER
fixed length control field 005420000a22001930004500
001 - CONTROL NUMBER
control field 004305
003 - CONTROL NUMBER IDENTIFIER
control field MACL
005 - DATE AND TIME OF LATEST TRANSACTION
control field 20150816154409.0
008 - FIXED-LENGTH DATA ELEMENTS--GENERAL INFORMATION
fixed length control field 150816b xxu||||| |||| 00| 0 eng d
040 ## - CATALOGING SOURCE
Original cataloging agency MACL
Transcribing agency MACL
041 ## - LANGUAGE CODE
Language code of text/sound track or separate title English
082 ## - DEWEY DECIMAL CLASSIFICATION NUMBER
Classification number 510.594/CHA
100 ## - MAIN ENTRY--PERSONAL NAME
Personal name Chattopadhyaya, D. P
9 (RLIN) 5938
245 ## - TITLE STATEMENT
Title Mathematics Astronomy & Biology In Indian Tradition
Statement of responsibility, etc. D. P Chattopadhyaya
260 ## - PUBLICATION, DISTRIBUTION, ETC. (IMPRINT)
Place of publication, distribution, etc. Delhi
Date of publication, distribution, etc. 1995
Name of publisher, distributor, etc. Indian Council Of Philosophical Research,
350 ## - PRICE (NR) (BK AM CF MU VM SE) [OBSOLETE]
Price 120
650 ## - SUBJECT ADDED ENTRY--TOPICAL TERM
Topical term or geographic name as entry element Mathematics
9 (RLIN) 5682
942 ## - ADDED ENTRY ELEMENTS (KOHA)
Call number prefix 510.954
Koha item type Books
Source of classification or shelving scheme
Holdings
Withdrawn status Lost status Source of classification or shelving scheme Damaged status Not for loan Home library Current library Date acquired Cost, normal purchase price Total Checkouts Full call number Barcode Date last seen Uniform Resource Identifier Price effective from Koha item type
          MACL MACL 15/04/2015 120.00   510.954/CHA CRE015946 02/05/2024 16100 15/04/2015 Books